00536cam a22002051 4500001001300000003000400013005001700017008004100034010001700075025002000092035002000112040001800132042001200150050001900162100001400181245004800195260003700243300002600280490002400306sa 65000846 DLC20260227112105.0860130s1963 io a 000 0 ind  asa 65000846  aPL480:Indo-1058 a(OCoLC)13083408 aDLCcKyUdDLC apremarc00aPL5089.U78bD41 aUsman, K.10aDeru ombak ditebing karang,coleh K. Usman. aDjakarta,bBalai Pustaka,c1963. a16 p.billus.c18 cm.0 aSeri batjaan teruna